000 00450nam a2200181 a 4500
001 1761538254619
003 ACL
005 20251027094326.0
008 251027s2000##################000#0#eng##
020 _a9780767905466
082 0 4 _a658.8708
_bARD
100 1 _aArden, Lynie,
_eauthor.
245 1 0 _a220 Best Franchises to Buy :
260 _bBroadway,
_c2000.
650 0 _aBusiness & Economics.
942 _cENGLISH
040 _aACL
_beng
_cACL
999 _c594122
_d594122